Sardar Hari Singh Nalwa/ (Record no. 194061)

MARC details
000 -LEADER
fixed length control field 00748nam a22001817a 4500
005 - DATE AND TIME OF LATEST TRANSACTION
control field 20230612112434.0
010 ## - LCCN (DPL NO)
LC control number B-750567 E.N.A./7.11.22
020 ## - INTERNATIONAL STANDARD BOOK NUMBER
International Standard Book Number 9789393435071
Terms of availability 999.00
037 ## - SOURCE OF ACQUISITION
Source of stock number/acquisition Rathore Pub.& Dist.
082 ## - DEWEY DECIMAL CLASSIFICATION NUMBER
Classification number 921
100 ## - MAIN ENTRY--PERSONAL NAME
Personal name Sinha, Raiya
245 ## - TITLE STATEMENT
Title Sardar Hari Singh Nalwa/
Statement of responsibility, etc Raiya Sinha
260 ## - PUBLICATION, DISTRIBUTION, ETC. (IMPRINT)
Place of publication, distribution, etc Ghaziabad
Name of publisher, distributor, etc Rathore Pub.& Dist.
Date of publication, distribution, etc 2022
270 ## - ADDRESS
Address Basement-260, Shaktikand-III, Indirapuram,
City Ghaziabad
Postal code 201010
300 ## - PHYSICAL DESCRIPTION
Extent vii,240p.
Dimensions 23cm(hbk)
942 ## - ADDED ENTRY ELEMENTS (KOHA)
Source of classification or shelving scheme Dewey Decimal Classification
Item type English Books
Call number suffix SIN
Classification part 921
Holdings
Withdrawn status Lost status Not for loan Collection code Home library Current library Date acquired Source of acquisition Cost, normal purchase price Full call number Barcode Copy number Cost, replacement price Koha item type
      Non-fiction Central Library Central Library 12/06/2023 Rathore Pub. & Dist./16/29.11.22/199/23.11.22/22.2.23 999.00 921 SIN B-750567 1 999.00 English Books

© Delhi Public Library
Hit Counter
free hit counter